<?xml version="1.0" encoding="UTF-8"?>
<record
    xmlns:xsi="http://www.w3.org/2001/XMLSchema-instance"
    xsi:schemaLocation="http://www.loc.gov/MARC21/slim http://www.loc.gov/standards/marcxml/schema/MARC21slim.xsd"
    xmlns="http://www.loc.gov/MARC21/slim">

  <leader>00525nam a2200145   4500</leader>
  <controlfield tag="008">753.7 R323n</controlfield>
  <datafield tag="020" ind1=" " ind2=" ">
    <subfield code="a">388375255</subfield>
  </datafield>
  <datafield tag="082" ind1=" " ind2=" ">
    <subfield code="a">753.7</subfield>
    <subfield code="b">R323n</subfield>
  </datafield>
  <datafield tag="100" ind1=" " ind2=" ">
    <subfield code="a">Reed, David</subfield>
    <subfield code="9">6607</subfield>
  </datafield>
  <datafield tag="245" ind1=" " ind2=" ">
    <subfield code="a">New Paintings for the Mirror Room and Archive in a Studio off the Coutyard</subfield>
  </datafield>
  <datafield tag="260" ind1=" " ind2=" ">
    <subfield code="a">Sackstra&#xDF;e</subfield>
    <subfield code="b">Neue Galerie Graz am landesmuseum Joanneum</subfield>
    <subfield code="c">1996</subfield>
  </datafield>
  <datafield tag="300" ind1=" " ind2=" ">
    <subfield code="a">64 p.</subfield>
    <subfield code="b">ill (col)</subfield>
    <subfield code="c">21 x 27 cm</subfield>
  </datafield>
  <datafield tag="650" ind1=" " ind2=" ">
    <subfield code="y">arte contempor&#xE1;neo</subfield>
    <subfield code="y">pintura</subfield>
    <subfield code="y">arte - iconograf&#xED;a</subfield>
    <subfield code="y">arte - mitos y leyendas</subfield>
    <subfield code="9">6728</subfield>
  </datafield>
  <datafield tag="700" ind1=" " ind2=" ">
    <subfield code="a">Holler-Schuster, G&#xFC;nther</subfield>
    <subfield code="9">6729</subfield>
  </datafield>
  <datafield tag="999" ind1=" " ind2=" ">
    <subfield code="c">1637</subfield>
    <subfield code="d">1637</subfield>
  </datafield>
  <datafield tag="952" ind1=" " ind2=" ">
    <subfield code="0">0</subfield>
    <subfield code="1">0</subfield>
    <subfield code="2">ddc</subfield>
    <subfield code="4">0</subfield>
    <subfield code="7">0</subfield>
    <subfield code="a">LV</subfield>
    <subfield code="b">LV</subfield>
    <subfield code="c">Eventos y Bienales</subfield>
    <subfield code="d">2018-10-17</subfield>
    <subfield code="l">0</subfield>
    <subfield code="o">753.7 R323n</subfield>
    <subfield code="p">001008</subfield>
    <subfield code="r">2018-10-17 00:00:00</subfield>
    <subfield code="w">2018-10-17</subfield>
    <subfield code="y">01</subfield>
  </datafield>
</record>
